000 00967cam a2200337 i 4500
001 200468146
003 TR-AnTOB
005 20260416124834.0
007 ta
008 020111r1976 nyua b 001 0 eng
020 _a0387901574
020 _a3540901574
040 _aDLC
_beng
_erda
_cDLC
_dBAKER
_dNLGGC
_dBGZ
_dTR-AnTOB
041 0 _aeng
042 _apcc
050 1 4 _aQA320
_b.B3533 1976
090 _aQA320
_b.B3533 1976
100 1 _aBalakrishnan, A. V.
_eauthor
_9153719
245 1 0 _aApplied functional analysis /
_cA. V. Balakrishnan.
264 _aBerlin ;
_aNew York ;
_bSpringer Verlag,
_c1976.
300 _ax, 309 pages :
_billustrations ;
_c24 cm
336 _atext
_btxt
_2rdacontent
337 _aunmediated
_bn
_2rdamedia
338 _avolume
_bnc
_2rdacarrier
504 _aBIBINDX
590 _aORDER 2006
650 0 _aFunctional analysis
_978530
650 0 _aHilbert space
_9152254
942 _2lcc
_cBK
999 _c200468146
_d86358